|
|
|
|
| LEADER |
01877nam a2200493 4500 |
| 001 |
ocn777630176 |
| 003 |
OCoLC |
| 005 |
20170124071746.8 |
| 006 |
m o d |
| 007 |
cr cn||||||||| |
| 008 |
120221s1946 nyua ob 001 0 eng d |
| 040 |
|
|
|a DG1
|b eng
|e pn
|c DG1
|d E7B
|d OCLCQ
|d OCLCF
|d OCLCO
|d OCLCA
|d OCLCQ
|d COO
|d OCLCQ
|d DEBBG
|d GrThAP
|
| 019 |
|
|
|a 646842409
|
| 020 |
|
|
|a 9780470122518
|q (electronic bk.)
|
| 020 |
|
|
|a 047012251X
|q (electronic bk.)
|
| 020 |
|
|
|a 047012492X
|
| 020 |
|
|
|a 9780470124925
|
| 020 |
|
|
|z 9780470124925
|
| 029 |
1 |
|
|a NZ1
|b 15915137
|
| 029 |
1 |
|
|a DEBBG
|b BV043394150
|
| 035 |
|
|
|a (OCoLC)777630176
|z (OCoLC)646842409
|
| 037 |
|
|
|a 10.1002/9780470122518
|b Wiley InterScience
|n http://www3.interscience.wiley.com
|
| 050 |
|
4 |
|a RB48
|b .A386 1946eb
|
| 082 |
0 |
4 |
|a 616.07/56
|2 23
|
| 049 |
|
|
|a MAIN
|
| 245 |
0 |
0 |
|a Advances in enzymology and related subjects of biochemistry.
|n Volume VI /
|c edited by F.F. Nord.
|
| 264 |
|
1 |
|a New York :
|b Wiley,
|c 1946.
|
| 300 |
|
|
|a 1 online resource (x, 563 pages) :
|b illustrations.
|
| 336 |
|
|
|a text
|b txt
|2 rdacontent
|
| 337 |
|
|
|a computer
|b c
|2 rdamedia
|
| 338 |
|
|
|a online resource
|b cr
|2 rdacarrier
|
| 490 |
0 |
|
|a Advances in enzymology and related subjects of biochemistry ;
|v 6
|
| 504 |
|
|
|a Includes bibliographical references and index.
|
| 588 |
0 |
|
|a Print version record.
|
| 650 |
|
0 |
|a Clinical enzymology.
|
| 650 |
|
0 |
|a Enzymes.
|
| 650 |
|
7 |
|a Clinical enzymology.
|2 fast
|0 (OCoLC)fst00864350
|
| 650 |
|
7 |
|a Enzymes.
|2 fast
|0 (OCoLC)fst00913605
|
| 655 |
|
4 |
|a Electronic books.
|
| 700 |
1 |
|
|a Nord, F. F.
|
| 710 |
2 |
|
|a Wiley InterScience (Online service)
|
| 776 |
0 |
8 |
|i Print version:
|t Advances in enzymology and related subjects of biochemistry Volume VI.
|d New York : Wiley, 1946
|w (OCoLC)646842409
|
| 856 |
4 |
0 |
|u https://doi.org/10.1002/9780470122518
|z Full Text via HEAL-Link
|
| 994 |
|
|
|a 92
|b DG1
|